000 01338nam a2200325 a 4500
001 BRCA_231
005 20190320202928.0
008 860508s1985 mx-a---##b---#000-0beng-#
040 _aDLC
_cDLC
_dDLC
041 _aengspa
050 4 _aF1211.R7
_b.M49 1985
100 1 _aRugendas, Johann Moritz
_d1802-1858
_9795
245 1 0 _aEl México luminoso de Rugendas
_ctextos Renate Löschner, Xavier Moyssén ; prólogo Stanton L. Catlin ; editor Mario de la Torre.
260 _aMéxico
_bCartón y Papel de México
_c[1985]
300 _a168 p.
_bil. (algunas a color)
_c35 cm.
440 0 _aColección CPM [Cultura y Pasado de México]
_9764
500 _aIncluye índice de óleos
500 _aApéndices: Retratos. Contexto histórico-político de México. Epílogo. Amigos de Rugendas que le ocasionaron su encarcelamiento y expulsión
504 _aBibliografía: p. 162-163
546 _aTexto en : español e inglés
600 1 4 _aRugendas, Johann Moritz
_d1802-1858
_xTemas, motivos
_9796
650 1 4 _aPintores alemanes
_9797
650 1 4 _aViajeros alemanes en México
_ySiglo XIX
_9798
650 1 4 _aPintura de paisajes
_zMéxico
_9799
653 0 _aViajeros extranjeros en México
700 1 _aLöschner, Renate
_9800
700 1 _aMoyssén Echeverría, Xavier
_9801
700 1 _aTorre, Mario de la
_9802
942 _2lcc
_cB
999 _c188
_d188